[Event "26. Offene Hamburger SEM 2019 65+"]
[Site "Hamburg"]
[Date "2019.11.19"]
[Round "9.14"]
[White "Villing, Dieter"]
[Black "Duemmke, Juergen"]
[Result "1-0"]
[WhiteElo "1956"]
[BlackElo "1831"]
[PlyCount "55"]
[EventDate "2019.??.??"]
[WhiteTeam "SK 1912 Ludwigshafen"]
[BlackTeam "SV Grosshansdorf"]

{[%evp 0,55,19,31,55,53,97,49,70,65,61,82,80,87,89,45,86,90,322,249,326,318,333,300,304,304,296,293,304,318,307,308,349,349,377,389,447,447,413,365,365,365,457,518,498,487,691,444,433,464,610,610,1000,1008,1026,734,734,726]} 1. d4 c5 2. d5 e6 3. c4 Nf6 4. Nc3 exd5 5. cxd5 d6 6. e4 a6 7. f4 b5 8. e5 b4 9. exf6 bxc3 10. Qe2+ Kd7 11. Qg4+ Kc7 12. fxg7 Rg8 13. gxf8=Q Qxf8 14. Qd1 Qg7 15. bxc3 Qxc3+ 16. Bd2 Re8+ 17. Ne2 Qf6 18. Ba5+ Kd7 19. Qa4+ Ke7 20. Bc3 Qf5 21. O-O-O Bd7 22. Ng3 Qg4 23. Qe4+ Kd8 24. Qf3 Qg8 25. Bd3 Bg4 26. Ba5+ Kc8 27. Qxg4+ Qxg4 28. Bf5+ 1-0

[Event "26. Offene Hamburger SEM 2019 65+"]
[Site "Hamburg"]
[Date "2019.11.19"]
[Round "9.15"]
[White "Wilke, Wolfgang"]
[Black "Wichmann, Dieter"]
[Result "1-0"]
[WhiteElo "1605"]
[BlackElo "1458"]
[PlyCount "89"]
[EventDate "2019.??.??"]
[WhiteTeam "SV Grosshansdorf"]
[BlackTeam "Hamburger SK von 1830 eV"]

{[%evp 0,89,19,38,42,37,76,65,55,31,52,19,24,24,25,25,44,3,14,-24,37,14,13,20,11,-9,14,-14,-1,-25,21,24,29,3,-2,7,-20,-62,-84,-88,-86,-121,-102,-100,-101,-108,-104,-106,-101,-116,-104,-92,-98,-101,-78,-92,-98,-88,-85,-107,-110,-129,-125,-116,-108,-102,-100,-102,-65,-80,0,7,39,0,47,46,25,29,27,69,147,161,192,141,143,148,249,237,249,249,293,301]} 1. e4 d5 2. exd5 Qxd5 3. Nc3 Qd6 4. Be2 Nf6 5. d3 a6 6. Nf3 e5 7. O-O Be7 8. Bg5 O-O 9. Bh4 b5 10. Ng5 Bb7 11. Bf3 Bxf3 12. Qxf3 Nbd7 13. Bg3 Qd4 14. Rab1 Qg4 15. Qxg4 Nxg4 16. Nge4 f5 17. Nd5 Bd8 18. f3 c6 19. fxg4 cxd5 20. Nd2 Bb6+ 21. Bf2 Bxf2+ 22. Rxf2 fxg4 23. Rbf1 Rxf2 24. Rxf2 Rf8 25. Nf1 Rxf2 26. Kxf2 Nf6 27. Nd2 Kf7 28. Nb3 Nd7 29. Na5 Ke6 30. c4 Nc5 31. Ke3 bxc4 32. dxc4 d4+ 33. Kd2 e4 34. b4 e3+ 35. Ke2 Ne4 36. Nb3 Nc3+ 37. Kd3 e2 38. Nxd4+ Ke5 39. Nxe2 Nxe2 40. Kxe2 Kd4 41. c5 Kd5 42. Kd3 g5 43. Ke3 h5 44. Kf2 h4 45. g3 1-0

[Event "26. Offene Hamburger SEM 2019 65+"]
[Site "Hamburg"]
[Date "2019.11.19"]
[Round "9.16"]
[White "Keunecke, Hanno"]
[Black "Paulsen, Helmut"]
[Result "1-0"]
[WhiteElo "1675"]
[BlackElo "1450"]
[PlyCount "111"]
[EventDate "2019.??.??"]
[WhiteTeam "Langenhorner SF 1928"]
[BlackTeam "FC St Pauli 1910 eV SAbt"]

{[%evp 0,101,19,29,30,23,24,15,15,36,51,44,39,37,66,40,26,26,26,26,50,50,45,57,42,27,25,24,29,27,22,14,18,-3,10,-34,-19,-13,48,48,39,38,40,40,39,11,38,31,52,42,41,22,27,21,8,14,54,53,53,52,76,66,123,127,130,138,145,144,150,149,153,153,164,151,165,135,133,133,132,141,175,148,176,176,207,182,247,192,202,202,202,213,247,256,273,273,949,342,428,360,330,303,376,0]} 1. e4 e5 2. Nf3 Nc6 3. Bb5 Nf6 4. O-O d6 5. d4 Bd7 6. Nc3 Be7 7. Re1 Nxd4 8. Nxd4 exd4 9. Bxd7+ Qxd7 10. Qxd4 O-O 11. Bf4 Rfe8 12. Rad1 Nh5 13. Bc1 Qc6 14. Qd5 Nf6 15. Qxc6 bxc6 16. Re2 Nd7 17. Rde1 Kf8 18. f4 f6 19. Be3 a6 20. Bf2 Rab8 21. b3 Kf7 22. Bg3 Nb6 23. a4 a5 24. Rd1 Rbd8 25. e5 dxe5 26. Rxd8 Bxd8 27. fxe5 fxe5 28. Rxe5 Rxe5 29. Bxe5 g6 30. Ne4 Ke6 31. Bc3 Kd5 32. Nd2 Bg5 33. Bxa5 Bd8 34. Bc3 c5 35. Kf2 Kc6 36. Kf3 Nd5 37. Ba5 Bf6 38. Ne4 Be7 39. g3 h5 40. Nd2 Kb7 41. Ke4 c6 42. Nc4 h4 43. Be1 g5 44. gxh4 gxh4 45. h3 Kc7 46. Ne3 Nxe3 47. Kxe3 Bd8 48. Kf3 Kb6 49. Ke4 c4 50. b4 Be7 51. Bxh4 Bxb4 52. Bd8+ Ka6 53. h4 Bc3 54. h5 Bd2 55. Kf5 c5 56. Kg6 1-0

[Event "26. Offene Hamburger SEM 2019 65+"]
[Site "Hamburg"]
[Date "2019.11.19"]
[Round "9.17"]
[White "Hofmeier, Arthur"]
[Black "Werner, Joern"]
[Result "0-1"]
[Annotator "DATA"]
[WhiteElo "1188"]
[BlackElo "1560"]
[PlyCount "111"]
[EventDate "2019.??.??"]
[WhiteTeam "Hamburger SK von 1830 eV"]
[BlackTeam "SK Wilhelmsburg 1936 eV"]

{[%evp 0,73,19,28,20,-1,5,5,-9,-104,-138,-112,-98,-148,-148,-226,-226,-229,-167,-151,-50,-131,-132,-100,2,-9,-10,-10,-1,9,6,6,17,-18,-18,-127,-56,-18,10,-50,59,-19,57,57,48,-9,-21,-11,43,-59,-44,-51,1,-1,30,30,292,293,414,124,216,88,205,79,301,-42,245,245,245,0,0,-16,0,0,177,154]} 1. e4 e5 2. Nf3 Nc6 3. a3 Nf6 4. c3 d5 5. exd5 Qxd5 6. Be2 e4 7. c4 Qd8 8. Ng1 Nd4 9. Nc3 Bd7 10. h3 Bd6 11. d3 Nxe2 12. Ngxe2 exd3 13. Qxd3 Bc6 14. Qe3+ Be7 15. O-O O-O 16. b4 Re8 17. c5 a6 18. Rd1 Qc8 19. Bb2 Qf5 20. Rac1 Nd7 21. Nd4 Qg6 22. Qg3 Qxg3 23. fxg3 Ne5 24. a4 Bf6 25. b5 axb5 26. axb5 Bd7 27. Nd5 Be7 28. c6 Bc8 29. Kh2 Ra2 30. Bc3 bxc6 31. bxc6 Ba6 32. Nb4 Ra4 33. Nxa6 Rxa6 34. Ra1 Rxa1 35. Rxa1 Bd6 36. Nf5 Nd3 (36... Rc8 37. Nxg7 Nc4 38. Rb1 Ne3 39. Bd4) 37. Nxg7 Nf2 38. Rb1 Ne4 39. Bd4 Nxg3 40. Bf6 Ne4+ 41. g3 Nxf6 42. Nf5 Rd8 43. Rf1 Be5 44. Nh6+ Kg7 45. Nf5+ Kf8 46. Kg2 Nd5 47. Nh6 f6 48. Ng4 Kf7 49. h4 h5 50. Nh6+ Kg6 51. Nf5 Re8 52. Kh3 Re6 53. Rf3 Re8 54. Rc3 Bxc3 55. g4 Bd2 56. Nd4 0-1

[Event "26. Offene Hamburger SEM 2019 65+"]
[Site "Hamburg"]
[Date "2019.11.19"]
[Round "9.18"]
[White "Raedisch, Peter"]
[Black "Thomann, Reinhard"]
[Result "0-1"]
[Annotator "DATA"]
[WhiteElo "1477"]
[BlackElo "1050"]
[PlyCount "50"]
[EventDate "2019.??.??"]
[WhiteTeam "SF Hamburg eV 1934"]
[BlackTeam "SchVgg Blankenese von 1923 eV"]

{[%evp 0,50,19,29,30,23,24,24,11,13,13,4,-1,-24,-5,-71,35,-130,96,-250,-250,-302,-3,0,0,-12,-18,-18,72,61,96,0,0,0,0,-77,-94,-251,-62,-70,-102,-62,-12,-105,-99,-151,-184,-306,-200,-261,-40,-882,-882]} 1. e4 e5 2. Nf3 Nc6 3. Bc4 Bc5 4. d3 d6 5. c3 Nf6 6. a3 a6 7. Ng5 d5 8. Nxf7 Bxf2+ (8... Kxf7 9. exd5 Nxd5 10. Qf3+ Ke8 11. Qxd5 Rf8 12. Nd2) 9. Kd2 Kxf7 10. exd5 Nxd5 11. Qf3+ Ke8 12. Qxd5 Rf8 13. Kc2 Bh4 14. Be3 Bg5 15. Bxg5 Qxg5 16. Nd2 Rf2 17. Rhd1 Bg4 18. b4 Bxd1+ 19. Rxd1 Ne7 20. Qxb7 Rd8 21. Qxa6 e4 22. Bb5+ Kf8 23. h4 Qxg2 24. Qe6 Re2 25. Rf1+ Qxf1 0-1

[Event "26. Offene Hamburger SEM 2019 65+"]
[Site "Hamburg"]
[Date "2019.11.19"]
[Round "9.19"]
[White "Flader, Willi"]
[Black "Hinke, Gerhard"]
[Result "1/2-1/2"]
[Annotator "DATA"]
[WhiteElo "1319"]
[BlackElo "1470"]
[PlyCount "134"]
[EventDate "2019.??.??"]
[WhiteTeam "SC Schwarz-Weiss Harburg"]
[BlackTeam "Mummelmannsberger SV"]

{[%evp 0,96,19,31,41,30,42,11,41,3,3,-23,-17,-53,-58,-84,-84,-70,-60,-68,-59,-129,-103,-103,-87,-104,-44,-77,-69,-96,-68,-101,-111,-110,-91,-225,-105,-115,166,165,194,201,202,189,202,194,194,182,208,190,201,168,158,111,151,228,295,300,221,18,42,28,65,45,84,75,75,56,85,86,138,122,323,142,170,188,188,188,199,205,169,172,165,202,444,391,741,88,88,88,94,94,1376,67,3007,-75,-67,-88,-88]} 1. e4 e6 2. d4 d5 3. e5 a6 4. a3 c5 5. Nf3 Nc6 6. Bf4 Qb6 7. Qc1 cxd4 8. Bd3 Bd7 9. O-O Rc8 10. Ng5 h6 11. Nf3 Na5 12. Nbd2 Ne7 13. b4 Nc4 14. Nb3 Nc6 15. c3 dxc3 16. Qxc3 Na7 17. Rac1 Nxa3 18. Nc5 Bxc5 19. bxc5 Qc7 20. Qxa3 Bb5 21. Rfd1 Bxd3 22. Qxd3 Nc6 23. Rb1 Qe7 24. Rdc1 O-O 25. Qe3 Rc7 26. Rb3 Rd8 27. Bxh6 gxh6 28. Qxh6 Qf8 29. Qg5+ Qg7 30. Qf4 Kf8 31. Rb6 Ke7 32. Rcb1 Rdd7 33. h4 d4 34. h5 d3 35. h6 Qh8 36. g4 d2 37. Nxd2 Qxe5 38. Qxe5 Nxe5 39. h7 Ng6 40. Ne4 Kf8 41. Nf6 Re7 42. c6 Rxc6 43. Rxb7 Rxb7 44. Rxb7 Kg7 45. g5 Nf4 46. Ra7 Nd5 47. Ne4 Rc7 48. h8=Q+ Kxh8 49. Rxa6 Kg7 50. Kh2 Kg6 51. Kg3 Rc4 52. f3 Nc3 53. Kf4 Nxe4 54. fxe4 Rc5 55. Ra8 Kg7 56. Ra1 Kg6 57. Rg1 e5+ 58. Kg4 Rc2 59. Kf3 Rh2 60. Ke3 Rh5 61. Kd3 Rxg5 62. Rc1 f6 63. Kc4 Rg4 64. Kd5 Kf7 65. Rh1 Kg7 66. Rf1 Kf7 67. Rh1 Kg7 1/2-1/2

[Event "26. Offene Hamburger SEM 2019 65+"]
[Site "Hamburg"]
[Date "2019.11.19"]
[Round "9.20"]
[White "Krueger, Dietrich"]
[Black "Lohkamp, Rolf"]
[Result "0-1"]
[WhiteElo "1042"]
[BlackElo "1266"]
[PlyCount "84"]
[EventDate "2019.??.??"]
[WhiteTeam "Hamburger SK von 1830 eV"]
[BlackTeam "Hamburger SK von 1830 eV"]

{[%evp 0,78,19,31,23,13,32,-10,-24,-13,4,-37,-15,-35,-4,-4,-3,-3,-3,-3,3,3,-9,-17,-13,-14,-12,-38,-20,-29,-25,-66,-70,-82,-31,-32,-29,-53,-36,-53,-15,-23,-6,-57,-57,-44,-18,-91,-76,-94,22,-215,-215,-215,-89,-79,-61,-113,-111,-127,-127,-639,-718,-721,-723,-752,-744,-726,-752,-752,-752,-752,-752,-730,-747,-790,-633,-762,-889,-813,-805]} 1. d4 d5 2. Bf4 Bf5 3. c3 Nd7 4. e3 Ngf6 5. Bb5 a6 6. Ba4 b5 7. Bc2 Bxc2 8. Qxc2 e6 9. Ne2 Be7 10. Nd2 c5 11. Nf3 cxd4 12. exd4 O-O 13. h4 Ne4 14. Ng3 Ndf6 15. Ng5 Nxg3 16. fxg3 Bd6 17. Be5 g6 18. Qf2 Ng4 19. Qf4 Nxe5 20. dxe5 Be7 21. Rf1 Bxg5 22. hxg5 Rc8 23. Qh4 Qb6 24. Kd2 f5 25. Rae1 Rc4 26. Rf4 Rxf4 27. Qxf4 Rf7 28. Qd4 Qd8 29. Qb4 Qxg5+ 30. Re3 f4 31. gxf4 Rxf4 32. Qd6 Rf2+ 33. Kd3 Qf5+ 34. Kd4 Qf4+ 35. Kc5 Qxe3+ 36. Kc6 Kg7 37. Qxe6 Qa7 38. Qxd5 Qa8+ 39. Kc5 Qxd5+ 40. Kxd5 Rxb2 41. e6 Kf6 42. Kd6 Re2 0-1

[Event "26. Offene Hamburger SEM 2019 65+"]
[Site "Hamburg"]
[Date "2019.11.19"]
[Round "9.21"]
[White "Hinrichs, Winfried"]
[Black "Wang, Huanying"]
[Result "1-0"]
[Annotator "DATA"]
[WhiteElo "1424"]
[BlackElo "967"]
[PlyCount "115"]
[EventDate "2019.??.??"]
[WhiteTeam "Langenhorner SF 1928"]
[BlackTeam "Niendorfer TSV 1919 SAbt"]

{[%evp 0,75,28,28,24,24,81,77,121,131,131,71,194,165,166,172,153,118,170,186,167,187,184,151,175,135,145,145,155,160,228,178,182,151,158,119,163,160,160,180,179,168,178,144,141,130,138,135,154,158,184,189,189,169,202,236,508,510,510,514,531,535,573,549,589,504,539,500,500,480,502,512,544,516,639,639,639,639]} 1. e4 e5 2. Nf3 d6 3. d4 Be7 4. dxe5 Bg4 5. Be2 Bd7 6. exd6 cxd6 7. O-O Nf6 8. e5 Ne4 9. exd6 Nxd6 10. Bf4 Ne4 11. Nbd2 Nc5 12. Re1 O-O 13. Nc4 Ne6 14. Bg3 Re8 15. Nd6 Bxd6 16. Bxd6 Nc6 17. Bg3 Qc8 18. c3 a6 19. Rc1 Nf8 20. Nd4 Nxd4 21. Qxd4 Ne6 22. Qd2 Bc6 23. Bg4 Rd8 24. Qe3 Re8 25. Rcd1 Bd7 26. Qd2 Rd8 27. Bh4 Re8 28. Qxd7 Qxd7 29. Rxd7 b6 30. Bxe6 fxe6 31. Red1 h6 32. Rd8 b5 33. Rxa8 Rxa8 34. Bg3 Kf7 35. Be5 Kg6 36. g4 a5 37. Rd7 Rg8 38. Rd6 b4 39. Rxe6+ Kh7 40. Kg2 Rd8 41. Bd4 Rd7 42. Ra6 g5 43. Rxa5 Rb7 44. h3 b3 45. axb3 Rxb3 46. Ra7+ Kg8 47. Ra2 Kh7 48. Be3 Rb5 49. c4 Rb7 50. Ra7 Rg7 51. Rxg7+ Kxg7 52. b4 Kf8 53. f4 gxf4 54. Bxf4 Kg7 55. b5 Kg6 56. b6 h5 57. gxh5+ Kxh5 58. b7 1-0